000 00950nam a2200217Ia 4500
003 Ost
005 20260507075408.0
008 260507s9999||||xx |||||||||||||| ||und||
040 _cfsecg
041 _aara
082 _a330
100 _aالصيرفي، محمد
_eمؤلف
245 0 _aالأساليب الكمية الإلكترونية /
_c محمد الصيرفي
260 _a[دون مكان]:
_bدار الكتاب القانوني,
_c[دون تاريخ]
300 _a232 صفحة؛
_bإيضاحات ؛
_c24 سم
504 _aالمراجع ص.426
520 _aيضم الحاسب الآلي، مكونات الحاسب الآلي، برنامجExcel ، الجبر البوليني والدوائر المنطقية ، خرائط التدفق وجداول القرارات، نظم الإعداد Number systems
653 _aالحاسب الآلي
653 _aالحاسبات الإلكترونية
942 _cكتاب
999 _c44334
_d44334